000 01248cad a22002415a 4500
001 L147187
008 090408s2009 xxk f f000 0 eng d
035 _a(Sirsi) u147187
041 0 _aeng
050 0 4 _a711.1 $2 18
110 2 _aThe Planning Inspectorate
_95723
245 0 0 _aProcedural guidance
_benforcement appeals and determination of appeal procedure
_h[electronic resource]
260 _aLondon
_bPlanning Inspectorate
_c2009
520 _aExplains the new process in England for determining the procedure by which enforcement appeals are dealt with. The legislation enabling this process comes into force on 6 April 2009. This guidance will take effect from that date. Both the legislative power and this guidance will apply to enforcement appeals made on or after that date.
521 2 1 _aAdvanced
590 _aKA NTK
650 2 4 _aPLANNING ACT 2008
650 2 4 _aTOWN AND COUNTRY PLANNING ACT 1990
651 4 _aEngland
_y886-
690 _aENVIRONMENTAL AND LAND CONSULTANCY-PLANNING AND DEVELOPMENT-PLANNING GUIDANCE
856 4 0 _uhttps://www.planning-inspectorate.gov.uk/pins/21st_century/procedural_guidance_enforcement_appeals.pdf
_zView the document free of charge at www.planning-inspectorate.gov.uk...
942 _n0
999 _c109474
_d109474